Anales (Registro nro. 8589)

Detalles MARC
000 -LEADER
fixed length control field 00837nas a2200253 454500
001 - CONTROL NUMBER
control field 25512
005 - DATE AND TIME OF LATEST TRANSACTION
control field 20260407193506.0
008 - FIXED-LENGTH DATA ELEMENTS--GENERAL INFORMATION
fixed length control field 260407s2000####ag###########|||spa#d
003 - CONTROL NUMBER IDENTIFIER
control field AR-UNSa-BCEJYS
040 ## - CATALOGING SOURCE
Original cataloging agency AR-UNSa-BCEJYS
Language of cataloging spa
Transcribing agency AR-UNSa-BCEJYS
080 ## - UNIVERSAL DECIMAL CLASSIFICATION NUMBER
Universal Decimal Classification number 34
Common auxiliary subdivision Derecho
022 ## - INTERNATIONAL STANDARD SERIAL NUMBER
International Standard Serial Number 0567-5936
100 1# - MAIN ENTRY--PERSONAL NAME
Personal name Academia Nacional de Derecho y Ciencias Sociales de Buenos Aires
245 10 - TITLE STATEMENT
Title Anales
264 #1 - PRODUCTION, PUBLICATION, DISTRIBUTION, MANUFACTURE, AND COPYRIGHT NOTICE
Place of production, publication, distribution, manufacture Buenos Aires :
Name of producer, publisher, distributor, manufacturer Academia Nacional de Derecho y Ciencias Sociales de Buenos Aires
Date of production, publication, distribution, manufacture, or copyright notice 2000
310 ## - CURRENT PUBLICATION FREQUENCY
Current publication frequency Frecuencia: Anual
590 ## - LOCAL NOTE (RLIN)
Local note niveau_biblio:s niveau_hierar:1
650 ## - SUBJECT ADDED ENTRY--TOPICAL TERM
Topical term or geographic name entry element Derecho constitucional
650 ## - SUBJECT ADDED ENTRY--TOPICAL TERM
Topical term or geographic name entry element Derecho
650 ## - SUBJECT ADDED ENTRY--TOPICAL TERM
Topical term or geographic name entry element Historia del derecho
650 ## - SUBJECT ADDED ENTRY--TOPICAL TERM
Topical term or geographic name entry element Derecho internacional
856 41 - ELECTRONIC LOCATION AND ACCESS
Uniform Resource Identifier <a href="https://biblioeco.unsa.edu.ar/pmb/images/revistas/ANALES.jpg">https://biblioeco.unsa.edu.ar/pmb/images/revistas/ANALES.jpg</a>
Link text Imagen de portada
Electronic format type image/jpeg
942 ## - ADDED ENTRY ELEMENTS (KOHA)
Koha item type
Existencias
Withdrawn status Lost status Damaged status Not for loan Home library Current library Shelving location Date acquired Serial enumeration / chronology Total checkouts Full call number Barcode Date last seen Price effective from Koha item type
        Biblioteca Prof. Eusebio Cleto del Rey Biblioteca Prof. Eusebio Cleto del Rey   01/01/2004 Año 49, Nº 42 - ene./dic. 2004   H34 ACA 42 R01806 10/04/2026 10/04/2026 Numero
        Biblioteca Prof. Eusebio Cleto del Rey Biblioteca Prof. Eusebio Cleto del Rey   01/01/2003 Año 48, Nº 41 - ene./dic. 2003   H34 ACA 41 R12299 10/04/2026 10/04/2026 Numero
        Biblioteca Prof. Eusebio Cleto del Rey Biblioteca Prof. Eusebio Cleto del Rey   01/01/2002 Año 47, Nº 40 - ene./dic. 2002   H34 ACA 40 R12298 10/04/2026 10/04/2026 Numero
        Biblioteca Prof. Eusebio Cleto del Rey Biblioteca Prof. Eusebio Cleto del Rey   01/01/2001 Año 46, Nº 39 - ene./dic. 2001   H34 ACA 39 R12297 10/04/2026 10/04/2026 Numero
        Biblioteca Prof. Eusebio Cleto del Rey Biblioteca Prof. Eusebio Cleto del Rey   01/01/2000 Año 45, Nº 38 - ene./dic. 2000   H34 ACA 38 R12295 10/04/2026 10/04/2026 Numero